Manual of philatelic judging (3rd ed. 1990) (Record no. 2749)

000 -LEADER
fixed length control field 00310nam a22000977a 4500
008 - FIXED-LENGTH DATA ELEMENTS--GENERAL INFORMATION
fixed length control field 180611b ||||| |||| 00| 0 eng d
100 ## - MAIN ENTRY--AUTHOR'S NAME
Author's Name American Philatelic Society
245 ## - TITLE STATEMENT
Title Manual of philatelic judging (3rd ed. 1990)
260 ## - PUBLICATION, DISTRIBUTION, ETC. (IMPRINT)
Place of publication, distribution, etc. State College, PA
Name of publisher, distributor, etc. APS
Date of publication, distribution, etc. 1990
650 ## - TOPICAL TERM (Tag)
Topical term or geographic name Exhibitions | Judging | Bibliographies
Holdings
Withdrawn status Lost status Source of classification or shelving scheme Damaged status Koha normalized classification for sorting Not for loan Permanent Location Current Location Shelving location Date acquired Total Checkouts Full call number Barcode Date last seen Copy number Price effective from
        G3701 E962 A512   Northern Philatelic Library Northern Philatelic Library General Stacks 06/11/2018   G3701 E962 A512 1005114 06/11/2018 1 06/11/2018

Powered by Koha